All PAOK FC Opponents in UEFA Conference League - Statistics

General Stats
  • This quiz has been taken 30 times
  • The average score is 28 of 34
Answer Stats
Season Round Club Country Venue Score % Correct
2023-24 Round of 16 Dinamo Zagreb Croatia Away 2-0
100%
2023-24 Round of 16 Dinamo Zagreb Croatia Home 5-1
100%
2023-24 Quarter-finals Club Brugge Belgium Away 1-0
95%
2023-24 Quarter-finals Club Brugge Belgium Home 0-2
95%
2023-24 Group Stage Eintracht Frankfurt Germany Home 2-1
95%
2023-24 Group Stage Eintracht Frankfurt Germany Away 1-2
95%
2023-24 3rd Qual. Round Hajduk Split Croatia Away 0-0
95%
2023-24 3rd Qual. Round Hajduk Split Croatia Home 3-0
95%
2023-24 Group Stage HJK Finland Away 2-3
95%
2023-24 Group Stage HJK Finland Home 4-2
95%
2021-22 Quarter-finals Marseille France Away 2-1
95%
2021-22 Quarter-finals Marseille France Home 0-1
95%
2023-24 Group Stage Aberdeen Scotland Away 2-3
86%
2023-24 Group Stage Aberdeen Scotland Home 2-2
86%
2021-22 Round of 16 Gent Belgium Home 1-0
86%
2021-22 Round of 16 Gent Belgium Away 1-2
86%
2023-24 Play-off Round Heart of Midlothian Scotland Away 1-2
86%
2023-24 Play-off Round Heart of Midlothian Scotland Home 4-0
86%
2021-22 Group Stage Slovan Bratislava Slovakia Home 1-1
86%
2021-22 Group Stage Slovan Bratislava Slovakia Away 0-0
86%
2023-24 2nd Qual. Round Beitar Jerusalem Israel Home 0-0
81%
2023-24 2nd Qual. Round Beitar Jerusalem Israel Away 1-4
81%
2021-22 Play-off Round Rijeka Croatia Home 1-1
81%
2021-22 Play-off Round Rijeka Croatia Away 0-2
81%
2021-22 Group Stage Copenhagen Denmark Away 1-2
76%
2021-22 Group Stage Copenhagen Denmark Home 1-2
76%
2021-22 Group Stage Lincoln Red Imps Gibraltar Away 0-2
76%
2021-22 Group Stage Lincoln Red Imps Gibraltar Home 2-0
76%
2022-23 2nd Qual. Round Levski Sofia Bulgaria Away 2-0
67%
2022-23 2nd Qual. Round Levski Sofia Bulgaria Home 1-1
67%
2021-22 Knockout Round Play-offs Midtjylland Denmark Away 1-0
62%
2021-22 Knockout Round Play-offs Midtjylland Denmark Home 2-1 (5-3p)
62%
2021-22 3rd Qual. Round Bohemians Ireland Away 2-1
48%
2021-22 3rd Qual. Round Bohemians Ireland Home 2-0
48%
No matching quizzes found
Score Distribution
Percent of People with Each Score
Percentile by Number Answered
Your Score History
You have not taken this quiz